[Event "PRO League Group Stage"]
[Site "masterchessopen.com chess.com INT"]
[Date "2017.02.11"]
[Round "5"]
[White "Meskovs,N"]
[Black "Toolin,C"]
[Result "1-0"]
[WhiteElo "2490"]
[BlackElo "2209"]

1.d4 Nf6 2.c4 e6 3.Nf3 d5 4.Nc3 Bb4 5.Bg5 Nbd7 6.Rc1 O-O 7.a3 Be7 8.e3 c6
9.Bd3 dxc4 10.Bxc4 c5 11.O-O b6 12.Qe2 Bb7 13.Rfd1 cxd4 14.Nxd4 Nd5 15.Bxd5
exd5 16.Bxe7 Qxe7 17.Nf5 Qe5 18.Nxd5 Nc5 19.f4 Qe6 20.Nde7+ Kh8 21.Rd6 Qe4
22.Rc4 Qb1+ 23.Rd1 Qa2 24.Rc2 Be4 25.Rcd2 Qe6 26.Rd6 Qa2 27.Qf2 Bxf5 28.Nxf5
Ne4 29.Qc2 Nxd6 30.Nxd6 Qe6 31.Qd3 h6 32.e4 Qg4 33.Rf1 Kg8 34.Qd4 Rad8 35.Rf3
Qe6 36.Rd3 Rd7 37.f5 Rxd6 38.fxe6 Rxd4 39.Rxd4 fxe6 40.Rd7 Rf4 41.Rxa7 Rxe4
42.Rb7 Re2 43.Rxb6 Kf7 44.a4 Kf6 45.a5 Kf5 46.a6 e5 47.Rb3 Rd2 48.a7 Rd8
49.Rb8 {#r} 1-0

[Event "PRO League Group Stage"]
[Site "masterchessopen.com chess.com INT"]
[Date "2017.02.11"]
[Round "5"]
[White "Meskovs,N"]
[Black "Li,Ruifeng"]
[Result "0-1"]
[WhiteElo "2490"]
[BlackElo "2564"]

1.c4 e5 2.Nc3 Nc6 3.g3 d6 4.Bg2 g6 5.Rb1 Be6 6.d3 Bg7 7.b4 a6 8.e3 Qd7 9.h3
Nge7 10.Nd5 O-O 11.Ne2 b5 12.a4 bxc4 13.dxc4 Rab8 14.Bd2 Nd8 15.b5 Bxd5
16.cxd5 axb5 17.Nc3 b4 18.Na2 Nb7 19.Nxb4 Nc5 20.a5 Ra8 21.Nc6 Nxc6 22.dxc6
Nd3+ 23.Ke2 Qf5 24.e4 Qxf2+ 25.Kxd3 Qxg2 26.Rg1 Qxh3 27.Qb3 Kh8 28.Qd5 f5
29.Rb4 Qh2 30.Be3 Bh6 31.exf5 Bxe3 32.Rg2 Qh1 {#R} 0-1

[Event "PRO League Group Stage"]
[Site "masterchessopen.com chess.com INT"]
[Date "2017.02.11"]
[Round "5"]
[White "Carlstedt,J"]
[Black "Khachiyan,M"]
[Result "0-1"]
[WhiteElo "2413"]
[BlackElo "2530"]

1.d4 Nf6 2.c4 g6 3.g3 c6 4.Bg2 d5 5.cxd5 cxd5 6.Nf3 Bg7 7.O-O O-O 8.Ne5 e6
9.Nc3 Nfd7 10.e4 Nxe5 11.dxe5 d4 12.Nb5 d3 13.Nd6 Bxe5 14.Nxc8 Nc6 15.f4 Bg7
16.Nxa7 Qd4+ 17.Kh1 Rxa7 18.Rf3 d2 19.Qxd2 Qxd2 20.Bxd2 Bxb2 21.Rb1 Rxa2
22.Rb3 Bd4 23.Be1 b6 24.e5 Ne7 25.g4 Rc8 26.Bg3 Rcc2 27.Be4 Rd2 28.Rd3 Rxd3
29.Bxd3 Nd5 30.f5 Rd2 31.Bc4 Ne3 32.fxe6 Kf8 33.Bb3 fxe6 34.Bxe6 Ke7 35.Bb3
Nxg4 36.Bh4+ Kf8 37.Rf1+ Kg7 38.Bg3 Bxe5 39.Rf7+ Kh6 40.Rb7 Bxg3 41.hxg3 Rd6
42.Kg2 Nf6 43.Bc4 Kg5 44.Kf3 h5 45.Rb8 Ng4 46.Bg8 Ne5+ 47.Ke4 Nd7 48.Rc8 Nf6+
49.Kf3 Rd3+ 50.Kg2 Ne4 51.Rc6 Rd6 52.Rc4 Nf6 53.Bf7 Ng4 54.Re4 Rd2+ 55.Kg1 Kf6
56.Bb3 Rd3 57.Re6+ Kg5 58.Rxb6 Rxg3+ 59.Kf1 Re3 60.Bc2 Ne5 61.Kf2 Rc3 62.Be4
h4 63.Rb5 Kf4 64.Rb4 Ng4+ 65.Kg2 h3+ 66.Kf1 Kg3 67.Bxg6 Rf3+ 68.Ke2 h2 69.Rb1
Nf2 70.Bh5 Rf4 71.Rb3+ Kh4 72.Bf3 Rxf3 73.Rxf3 h1=Q 74.Rxf2 Kg3 75.Rf1 Qg2+
76.Ke1 Qc2 77.Rf6 Qc1+ 78.Ke2 Qb2+ {#R} 0-1

[Event "PRO League Group Stage"]
[Site "masterchessopen.com chess.com INT"]
[Date "2017.02.11"]
[Round "5"]
[White "Carlstedt,J"]
[Black "Hilby,Craig"]
[Result "1-0"]
[WhiteElo "2413"]
[BlackElo "2334"]

1.d4 Nf6 2.c4 g6 3.g3 c5 4.d5 e6 5.Bg2 exd5 6.cxd5 d6 7.Nc3 Bg7 8.Nf3 O-O
9.O-O Re8 10.Bf4 Na6 11.Nb5 Ne4 12.Nd2 Nxd2 13.Qxd2 Bf8 14.Rac1 Bf5 15.Rfe1
Qd7 16.a4 Rad8 17.b3 b6 18.e4 Bh3 19.Bxh3 Qxh3 20.Nxa7 Nb4 21.Nc6 Nxc6 22.dxc6
h6 23.b4 g5 24.Be3 Rc8 25.b5 Rxe4 26.a5 bxa5 27.b6 Rce8 28.b7 Rb4 29.Rb1 Ree4
30.Rxb4 Rxb4 31.Qxb4 {#r} 1-0

[Event "PRO League Group Stage"]
[Site "masterchessopen.com chess.com INT"]
[Date "2017.02.11"]
[Round "5"]
[White "Xu,Grant Y"]
[Black "Balogun,Oluwafemi"]
[Result "1-0"]
[WhiteElo "2193"]
[BlackElo "2222"]

1.Nf3 Nf6 2.g3 g6 3.Bg2 Bg7 4.O-O O-O 5.d4 d6 6.Re1 c6 7.c4 Qc7 8.d5 Bg4 9.Nc3
Rc8 10.Nd4 cxd5 11.cxd5 Na6 12.h3 Bd7 13.e4 Nc5 14.f4 b5 15.e5 Nh5 16.g4 b4
17.Nce2 Nxf4 18.Bxf4 dxe5 19.Bg3 Qb6 20.Nc6 Bxc6 21.dxc6 Rd8 22.Qc2 Rd2 23.Qc4
Nd3+ 24.Kh2 Nxe1 25.Rxe1 Rxb2 26.Rf1 e6 27.Bf2 Qc7 28.Rd1 Rc8 29.Rd7 Qa5
30.Rxa7 Qd8 31.Rd7 Qf6 32.Be3 h5 33.Bc1 Rb1 34.Qc2 Rxc1 35.Qxc1 hxg4 36.hxg4
Qh4+ 37.Kg1 e4 38.Qf4 Bf6 39.Qxe4 Qe1+ 40.Bf1 Bd8 41.Qf3 Bb6+ 42.Kg2 Rf8 43.c7
Kg7 44.c8=Q Rxc8 45.Qxf7+ Kh6 46.Qf4+ {#r} 1-0

[Event "PRO League Group Stage"]
[Site "masterchessopen.com chess.com INT"]
[Date "2017.02.11"]
[Round "5"]
[White "Bryant,J"]
[Black "Burg,T"]
[Result "1-0"]
[WhiteElo "2450"]
[BlackElo "2508"]

1.e4 c5 2.c3 Nf6 3.e5 Nd5 4.Nf3 e6 5.d4 cxd4 6.cxd4 d6 7.Bc4 Be7 8.Qe2 O-O
9.O-O b6 10.Bd2 Bb7 11.Nc3 Nxc3 12.Bxc3 dxe5 13.Nxe5 Bd5 14.Rfe1 Bf6 15.Rad1
Qd6 16.Ng4 Bg5 17.Bxd5 Qxd5 18.h4 Bf6 19.Ne3 Qb7 20.d5 Bxc3 21.bxc3 exd5
22.Nxd5 Nc6 23.Qf3 Rae8 24.Rxe8 Rxe8 25.Nb4 Na5 26.Qxb7 Nxb7 27.Rd7 Nc5
28.Rxa7 g6 29.Nd5 Re1+ 30.Kh2 Rb1 31.g4 Rb2 32.Nf6+ Kf8 33.Kg3 h6 34.g5 hxg5
35.hxg5 Rc2 36.f3 Ne6 37.Ne4 Rc1 38.Kf2 Rc2+ 39.Ke3 Rc1 40.Rb7 Re1+ 41.Kf2 Ra1
42.Rxb6 Rxa2+ 43.Ke3 Ra1 44.c4 Rg1 45.Rb8+ Ke7 46.Rb7+ Kf8 47.c5 Nxg5 48.Nxg5
Rxg5 49.Kd4 Ke8 50.c6 Kd8 51.Rxf7 Ra5 52.f4 Rb5 53.Rg7 Rf5 54.Ke4 Rf6 55.c7+
Kc8 56.Kf3 g5 57.Rxg5 Kxc7 58.Rd5 Kc6 59.Rd2 Rf8 60.Rd1 Kc5 61.Rd2 Kc6 62.Rd4
Kc5 63.Rd7 Kc6 64.Rd2 Kc5 65.Rd1 Kc6 66.Ke3 Re8+ 67.Kf2 Rf8 68.Kg3 Rg8+ 69.Kh4
Rf8 70.Kg5 Rg8+ 71.Kf5 Rf8+ 72.Ke5 Re8+ 73.Kf6 Rf8+ 74.Kg5 Rg8+ 75.Kh6 Rf8
76.Rf1 Kd6 77.Kg7 Rf5 78.Kg6 Ra5 79.f5 Ke7 80.Kg7 Ke8 81.Re1+ Kd7 82.f6 Rg5+
83.Kh6 Rf5 84.Kg6 Rf2 85.Kf7 Rf3 86.Rd1+ Kc7 87.Rd4 Kc6 88.Ke6 Re3+ 89.Kf5
Rf3+ 90.Ke5 Re3+ 91.Kf5 Rf3+ 92.Rf4 Rxf4+ 93.Kxf4 Kd7 94.Kf5 Ke8 95.Ke6 Kf8
96.f7 {#r} 1-0

[Event "PRO League Group Stage"]
[Site "masterchessopen.com chess.com INT"]
[Date "2017.02.11"]
[Round "5"]
[White "Xiong,Jeffery"]
[Black "Meskovs,N"]
[Result "1-0"]
[WhiteElo "2667"]
[BlackElo "2490"]

1.e4 e5 2.Nf3 Nc6 3.Bb5 a6 4.Ba4 Nf6 5.O-O Nxe4 6.d4 b5 7.Bb3 d5 8.dxe5 Be6
9.Qe2 Be7 10.Rd1 O-O 11.c4 bxc4 12.Bxc4 Bc5 13.Be3 Bxe3 14.Qxe3 Nb4 15.Bb3 c5
16.Nc3 Qb6 17.Nxd5 Bxd5 18.Bxd5 Nxd5 19.Qxe4 Nc7 20.Ng5 Qh6 21.h4 Ne6 22.Nxe6
fxe6 23.g3 Rab8 24.Qe2 Qg6 25.Rd6 Rb4 26.h5 Qf5 27.Re1 a5 28.Rc6 Rc4 29.Rd6
Rg4 30.Qe3 c4 31.Kg2 a4 32.f3 Rg5 33.g4 Qf7 34.Rd4 Rxe5 35.Re4 Rb5 36.Re2 e5
37.Rf2 Qd5 38.Qc3 Rc8 39.Rfe2 Rcc5 40.Kh2 Qe6 41.Kh3 h6 42.f4 Rd5 43.Qxc4 Rbc5
44.Qxa4 Rd3+ 45.R4e3 exf4 46.Qxf4 Re5 47.Rxd3 Rxe2 48.Qf3 Qe5 49.Rd8+ Kh7
50.Qd3+ Qe4 51.Qxe4+ Rxe4 52.Rd2 Re3+ 53.Kg2 Kg8 54.Kf2 Rh3 55.Kg2 Re3 56.b3
Kf7 57.Rb2 Ke6 58.b4 Kd6 59.b5 Kc7 60.b6+ Kb7 61.Kf2 Ra3 62.Kg2 Ra4 63.Kf3
Ra3+ 64.Kf4 Ra4+ 65.Kf5 Ra5+ 66.Ke6 Ra4 67.Kf5 Ra5+ 68.Ke6 Ra4 69.Rg2 Kxb6
70.Kf7 Ra7+ 71.Kg6 Kc5 72.Rf2 Kd5 73.Rf7 Ra4 74.Kf5 Rxa2 75.Rd7+ Kc6 76.Rxg7
Rf2+ 77.Kg6 Kd6 78.Kxh6 Ke6 79.g5 Rf8 80.g6 Kf6 81.Rh7 Rh8 82.Rxh8 {#r} 1-0

[Event "PRO League Group Stage"]
[Site "masterchessopen.com chess.com INT"]
[Date "2017.02.11"]
[Round "5"]
[White "Sheng,Joshua"]
[Black "Carlstedt,J"]
[Result "1-0"]
[WhiteElo "2372"]
[BlackElo "2413"]

1.d4 Nf6 2.Nc3 d5 3.Bf4 a6 4.e3 e6 5.Bd3 c5 6.Nf3 Nc6 7.O-O Bd6 8.dxc5 Bxc5
9.e4 d4 10.Ne2 h6 11.Ng3 O-O 12.Qd2 Nh7 13.e5 f5 14.exf6 Qxf6 15.Ne4 Qxf4
16.Qxf4 Rxf4 17.Nxc5 e5 18.Rfe1 b6 19.Be4 bxc5 20.Bxc6 Rb8 21.Bd5+ Kh8 22.Nxe5
Nf8 23.Nf7+ Kh7 24.Re8 Nd7 25.Rae1 Bb7 26.Bc4 Rxe8 27.Rxe8 Nf6 28.Bd3+ Be4
29.Rxe4 Nxe4 30.Nd6 g6 31.Bxe4 Rf6 32.Nc4 Kg7 33.f3 Kf7 34.Ne5+ Ke7 35.Nxg6+
Kd6 36.Kf2 c4 37.Ke2 Kc5 38.Kd2 Rb6 39.b3 c3+ 40.Kc1 a5 41.a4 Rf6 42.Kd1 Kb4
43.Ke2 Ka3 44.Kd3 Kb2 45.Ne5 Rf8 46.Nc4+ Kc1 47.Kxd4 Rg8 48.g4 {#r} 1-0

[Event "PRO League Group Stage"]
[Site "masterchessopen.com chess.com INT"]
[Date "2017.02.11"]
[Round "5"]
[White "Orosz,Andras"]
[Black "Ke,Ivan"]
[Result "0-1"]
[WhiteElo "2323"]
[BlackElo "2058"]

1.d4 d5 2.c4 e6 3.Nc3 Nf6 4.cxd5 exd5 5.Bg5 Be7 6.Qc2 Nbd7 7.e3 c6 8.Nf3 O-O
9.Bd3 Re8 10.O-O Nf8 11.h3 Ng6 12.Rab1 Ne4 13.Bxe7 Qxe7 14.b4 a6 15.a4 Nxc3
16.Qxc3 Bd7 17.Qc5 Qf6 18.Bxg6 hxg6 19.Ne5 Bf5 20.Rbc1 Qg5 21.Kh2 f6 22.Nf3
Qh5 23.Ng1 g5 24.Rfe1 g4 25.Qd6 gxh3 26.gxh3 Kf7 27.Qg3 Rh8 28.b5 axb5 29.axb5
Ra2 30.Qc7+ Ke6 31.Qg3 Kf7 32.bxc6 Bxh3 33.Qxh3 Rxf2+ 34.Kh1 Qg4 {#R} 0-1

[Event "PRO League Group Stage"]
[Site "masterchessopen.com chess.com INT"]
[Date "2017.02.11"]
[Round "5"]
[White "Ruiz C,J"]
[Black "Villegas,P"]
[Result "1-0"]
[WhiteElo "2331"]
[BlackElo "2363"]

1.e4 c6 2.d4 d5 3.e5 Bf5 4.h4 h5 5.c4 e6 6.Nc3 Ne7 7.Nge2 Nd7 8.Ng3 Bg6 9.Bg5
Qb6 10.Qd2 Nf5 11.Nxf5 Bxf5 12.cxd5 cxd5 13.Bb5 Bb4 14.Be2 Rc8 15.O-O f6
16.exf6 gxf6 17.Bf4 Kf7 18.Rac1 Bg4 19.Bxg4 hxg4 20.g3 Rc4 21.Rfd1 Qa5 22.Qe2
Bxc3 23.Rxc3 Rxc3 24.bxc3 f5 25.c4 Qa6 26.Qb2 Nb6 27.cxd5 Nxd5 28.Be5 Rc8
29.Qd2 Nc3 30.Re1 Ne4 31.Qh6 Qxa2 32.Rxe4 fxe4 33.Qg7+ Ke8 34.Bd6 Rc1+ 35.Kg2
{#r} 1-0

[Event "PRO League Group Stage"]
[Site "masterchessopen.com chess.com INT"]
[Date "2017.02.11"]
[Round "5"]
[White "Ruiz C,J"]
[Black "Cornette,M"]
[Result "1-0"]
[WhiteElo "2331"]
[BlackElo "2586"]

1.e4 d6 2.d4 Nf6 3.Nc3 e5 4.Nge2 Be7 5.h3 h5 6.Be3 c6 7.a4 Nbd7 8.Qd2 b6 9.g3
Bb7 10.Bg2 a6 11.d5 O-O 12.O-O b5 13.dxc6 Bxc6 14.axb5 axb5 15.Nd5 Nxd5
16.exd5 Bb7 17.Qb4 Ba6 18.Nc3 f5 19.Ra5 f4 20.Bd2 Qb6 21.gxf4 exf4 22.Rfa1 Ne5
23.Nxb5 Bb7 24.Nd4 Rxa5 25.Rxa5 Qxb4 26.Bxb4 f3 27.Bf1 Rf7 28.Ne6 Rf6 29.Ba6
Bxd5 30.Rxd5 Rxe6 31.Kf1 Rg6 32.Bb7 Kf7 33.Rd4 Rf6 34.Bd2 Nd7 35.b4 Ne5 36.b5
Bd8 37.Bd5+ Ke8 38.Ra4 Rf5 39.Be4 Rf7 40.Be3 Rc7 41.b6 Rc4 42.Rxc4 Nxc4
43.Bc6+ Kf8 44.b7 Nxe3+ 45.fxe3 Bc7 46.Bxf3 h4 47.Bd5 Ke7 48.Ke2 Kf6 49.Kf3
Ke5 50.c4 g5 51.Kg4 Kf6 52.Kh5 Bb8 53.Kh6 Ba7 54.Kh7 Bb8 55.Kg8 Ba7 56.Kf8 g4
57.hxg4 Kg5 58.Ke7 Kxg4 59.Kxd6 {#r} 1-0

[Event "PRO League Group Stage"]
[Site "masterchessopen.com chess.com INT"]
[Date "2017.02.11"]
[Round "5"]
[White "Breckenridge,S"]
[Black "Simonovic,M"]
[Result "1-0"]
[WhiteElo "2239"]
[BlackElo "2219"]

1.e4 c5 2.c3 d5 3.exd5 Qxd5 4.d4 cxd4 5.cxd4 Nc6 6.Nf3 Bg4 7.Be2 e6 8.O-O Nf6
9.Nc3 Qa5 10.h3 Bh5 11.a3 a6 12.Be3 Nd5 13.Ne4 Be7 14.b4 Qd8 15.Rc1 O-O 16.Nc5
Bxc5 17.Rxc5 Nce7 18.Qb3 b6 19.Rc4 Qd6 20.Rfc1 a5 21.g4 Bg6 22.Ne5 Be4 23.Bd2
f6 24.Nc6 axb4 25.Nxe7+ Qxe7 26.axb4 f5 27.f3 Nf4 28.Bxf4 Bd5 29.Qe3 fxg4
30.Rc7 Qh4 31.Be5 Rxf3 32.Rxg7+ Kf8 33.Bxf3 gxf3 34.Rg4 Qxh3 35.Qf4+ Ke8
36.Rg8+ {#r} 1-0

[Event "PRO League Group Stage"]
[Site "masterchessopen.com chess.com INT"]
[Date "2017.02.11"]
[Round "5"]
[White "Breckenridge,S"]
[Black "Svicevic,R"]
[Result "0-1"]
[WhiteElo "2239"]
[BlackElo "2189"]

1.e4 c5 2.c3 Nf6 3.e5 Nd5 4.d4 cxd4 5.Nf3 e6 6.Bc4 d6 7.cxd4 Nc6 8.O-O Be7
9.Qe2 O-O 10.Qe4 Bd7 11.exd6 Bxd6 12.Nc3 Nce7 13.Ng5 Nf6 14.Qxb7 Bc6 15.Qb3 h6
16.Nh3 Qc7 17.f4 Nf5 18.Ne2 Rab8 19.Qc2 Be4 20.Qc3 Bb4 21.Qb3 Ba5 22.Bb5 a6
23.a4 Rfd8 24.Nf2 Bc2 25.Qh3 axb5 26.axb5 Rxb5 27.g4 Nxd4 28.Ng3 Nf3+ 29.Kh1
Qb7 30.Qg2 Bb4 31.g5 Ne8 32.gxh6 Nh4 33.Qxb7 Rxb7 34.hxg7 Nxg7 35.Ng4 Ngf5
36.Nf6+ Kf8 37.Ngh5 Ke7 38.h3 Bc5 39.Kh2 Bd4 40.Ng4 Be4 41.Rd1 Rc8 42.Rxd4
Nf3+ 43.Kg2 N3xd4+ 44.Kf1 Rc2 45.Nf2 Bf3 46.b3 Nxb3 47.Ba3+ Kd8 48.Rb1 Nd2+
49.Kg1 Rxb1+ 50.Kh2 Nf1+ 51.Kg1 N1e3+ {#R} 0-1

[Event "PRO League Group Stage"]
[Site "masterchessopen.com chess.com INT"]
[Date "2017.02.11"]
[Round "5"]
[White "Moon,Benjamin"]
[Black "Meier,Geo"]
[Result "0-1"]
[WhiteElo "2265"]
[BlackElo "2630"]

1.d4 e6 2.Bf4 b6 3.e3 Nf6 4.Nd2 Be7 5.h3 c5 6.c3 O-O 7.Ngf3 d6 8.Bh2 Qd7 9.Bd3
Ba6 10.Bxa6 Nxa6 11.O-O Rfc8 12.Qe2 Qb7 13.a4 Nc7 14.Nc4 Qa6 15.Rfe1 Ne4
16.Nfd2 Nxd2 17.Nxd2 Qxe2 18.Rxe2 cxd4 19.exd4 Nd5 20.Ne4 Rc6 21.Bg3 a6 22.Kh2
f5 23.c4 Rxc4 24.Nxd6 Bxd6 25.Bxd6 Kf7 26.a5 bxa5 27.Bc5 a4 28.Rae1 Re8 29.g3
g6 30.Kg2 Nf6 31.f3 Nd7 32.Ba3 Rxd4 33.Rc1 e5 34.Rc7 Re6 35.Kf2 Kf6 36.h4 h5
37.Rec2 e4 38.f4 Rd3 39.Bb4 Rb6 40.Bc3+ Ke6 41.Bg7 Rbd6 42.Bc3 Nf6 43.Rg7 Ng4+
44.Ke2 Re3+ 45.Kf1 Rxg3 46.Rxg6+ Kd5 47.Rd2+ Rd3 48.Rg5 Rxd2 49.Bxd2 e3 50.Bc3
Ke4 51.Rxh5 Kf3 52.Ke1 Nf2 {#R} 0-1

[Event "PRO League Group Stage"]
[Site "masterchessopen.com chess.com INT"]
[Date "2017.02.11"]
[Round "5"]
[White "Moon,Benjamin"]
[Black "Diamant,A"]
[Result "0-1"]
[WhiteElo "2265"]
[BlackElo "2515"]

1.d4 Nf6 2.Bf4 c5 3.e3 cxd4 4.exd4 d5 5.c3 Nc6 6.Nd2 Bf5 7.Qb3 Qc8 8.Ngf3 e6
9.Be2 Be7 10.O-O O-O 11.h3 h6 12.Rfe1 a6 13.a4 Bh7 14.Ne5 Nxe5 15.Bxe5 Nd7
16.Bh2 Qc6 17.Nf3 Bd6 18.Bxd6 Qxd6 19.a5 Rab8 20.Qa3 Qc7 21.Bf1 Rbc8 22.Re3
Nb8 23.Ne5 Nc6 24.f4 Be4 25.Bd3 f5 26.Nxc6 Qxc6 27.Rf1 Qc7 28.Qb4 Rf7 29.Be2
Kh7 30.Rf2 Rg8 31.Rg3 g5 32.Bh5 Rfg7 33.Qb6 Qxb6 34.axb6 gxf4 35.Rxg7+ Kxg7
36.Bf3 Rd8 37.Bxe4 dxe4 38.Rxf4 Rd6 39.b4 Rxb6 40.g4 Kf6 41.Rf2 Kg5 42.Kg2 f4
43.Rc2 h5 44.gxh5 Kxh5 45.Kf2 Kg5 46.Re2 Kf5 47.Ra2 Rc6 48.Ra5+ b5 49.Ra3 e5
50.d5 Rd6 51.Ke2 e3 52.Ra1 Ke4 53.Rd1 f3+ 54.Ke1 Rxd5 55.Rxd5 Kxd5 56.h4 Ke6
57.h5 Kf6 58.c4 bxc4 59.h6 Kg6 60.b5 {#R} 0-1

[Event "PRO League Group Stage"]
[Site "masterchessopen.com chess.com INT"]
[Date "2017.02.11"]
[Round "5"]
[White "Admiraal,M"]
[Black "Yip,Carissa"]
[Result "1-0"]
[WhiteElo "2441"]
[BlackElo "2234"]

1.e4 c5 2.Nf3 d6 3.d4 cxd4 4.Nxd4 Nf6 5.Nc3 g6 6.g3 Bg7 7.Bg2 O-O 8.O-O a6
9.h3 Nc6 10.Nde2 Be6 11.Nf4 Bd7 12.Re1 Rc8 13.Rb1 b5 14.b3 Nb4 15.a3 Rxc3
16.axb4 Qc7 17.Bb2 Rxc2 18.Bxf6 Bxf6 19.Nd5 Qc8 20.Nb6 {#r} 1-0

[Event "PRO League Group Stage"]
[Site "masterchessopen.com chess.com INT"]
[Date "2017.02.11"]
[Round "5"]
[White "Troff,Kayden W"]
[Black "Griffiths,R"]
[Result "1-0"]
[WhiteElo "2511"]
[BlackElo "2356"]

1.d4 Nf6 2.c4 e6 3.Nf3 b6 4.g3 Ba6 5.Qc2 Bb4+ 6.Bd2 Be7 7.e4 d5 8.cxd5 Bxf1
9.Kxf1 exd5 10.e5 Ne4 11.Nc3 Nxc3 12.bxc3 Qd7 13.Kg2 O-O 14.c4 Rd8 15.Rhd1 Na6
16.Rac1 Rac8 17.Qd3 Nb8 18.Bg5 h6 19.Bxe7 Qxe7 20.Nh4 Qe6 21.Nf5 Nc6 22.cxd5
Qxd5+ 23.Qf3 g6 24.Nxh6+ Kg7 25.Rxc6 Kxh6 26.Qxd5 Rxd5 27.Kf3 Ra5 28.d5 Kg7
29.Rd2 Rd8 30.Ke4 Ra4+ 31.Ke3 Rd7 32.f4 Ra3+ 33.Ke2 Ra5 34.Kf3 Ra3+ 35.Kg4 Ra5
36.h4 Kf8 37.Kg5 Ke7 38.g4 Kf8 39.h5 gxh5 40.gxh5 Kg7 41.h6+ Kh7 42.Kf5 Ra4
43.d6 cxd6 44.Rdxd6 Rxd6 45.Rxd6 Rxa2 46.Kf6 Rf2 47.f5 b5 48.Rd7 Kxh6 49.Rxf7
a5 50.e6 a4 51.e7 Re2 52.Rf8 Kh5 53.e8=Q+ Rxe8 54.Rxe8 a3 55.Ra8 b4 56.Ke5
{#r} 1-0

[Event "PRO League Group Stage"]
[Site "masterchessopen.com chess.com INT"]
[Date "2017.02.11"]
[Round "5"]
[White "Troff,Kayden W"]
[Black "Movsesian,S"]
[Result "0-1"]
[WhiteElo "2511"]
[BlackElo "2676"]

1.d4 Nf6 2.c4 e6 3.Nf3 d5 4.Nc3 Bb4 5.Bg5 h6 6.Bxf6 Qxf6 7.e3 c5 8.Rc1 cxd4
9.Nxd4 O-O 10.cxd5 exd5 11.Nb5 Na6 12.a3 Bxc3+ 13.Nxc3 Nc7 14.Be2 Rd8 15.O-O
Be6 16.Bf3 Rac8 17.Qa4 a6 18.Rfd1 Qe5 19.Qa5 f6 20.Qb6 Rb8 21.g3 Bf7 22.Rd2
Qd6 23.Qxd6 Rxd6 24.Ne2 Rc6 25.Rdc2 Rxc2 26.Rxc2 Ne8 27.Rd2 Nc7 28.Rc2 Ne8
29.h4 Rd8 30.Rd2 Kf8 31.e4 Nd6 32.exd5 Nc4 33.Rc2 Ne5 34.Be4 b5 35.Nf4 g5
36.hxg5 hxg5 37.Ne6+ Bxe6 38.dxe6 Ke7 39.Bf5 Nf3+ 40.Kg2 Ne1+ 41.Kf1 Nxc2
42.Bxc2 Rd2 43.Bf5 Rxb2 44.g4 a5 45.Ke1 a4 46.Kd1 Rxf2 47.Bd3 Rf3 48.Bxb5 Rxa3
49.Bc4 Rc3 50.Ba2 a3 51.Kd2 Rg3 52.Kc2 Rg2+ 53.Kb3 Kxe6 54.Kxa3+ Rxa2+ 55.Kxa2
Ke5 {#R} 0-1

[Event "PRO League Group Stage"]
[Site "masterchessopen.com chess.com INT"]
[Date "2017.02.11"]
[Round "5"]
[White "Kantans,T"]
[Black "Holt,C"]
[Result "0-1"]
[WhiteElo "2456"]
[BlackElo "2567"]

1.e4 e6 2.c4 d5 3.cxd5 exd5 4.exd5 Nf6 5.Nc3 Nxd5 6.Nf3 Bb4 7.Be2 O-O 8.O-O
Nf4 9.d4 Nxe2+ 10.Qxe2 Nc6 11.d5 Bxc3 12.dxc6 Bf6 13.Qc2 Qd5 14.Be3 Bf5 15.Qc5
bxc6 16.Rad1 Qxc5 17.Bxc5 Rfd8 18.Nd4 Rd5 19.Nxf5 Rxc5 20.g4 g6 21.Ng3 Bxb2
22.Rd7 Be5 23.f4 Bd6 24.Ne4 Rc4 25.Nxd6 cxd6 26.Rxd6 Re8 27.g5 Re2 28.f5 gxf5
29.Rxf5 Rc1+ 30.Rf1 Rcc2 31.Rff6 Rg2+ 32.Kf1 Rxh2 {#R} 0-1

[Event "PRO League Group Stage"]
[Site "masterchessopen.com chess.com INT"]
[Date "2017.02.11"]
[Round "5"]
[White "Kantans,T"]
[Black "Xiong,Jeffery"]
[Result "0-1"]
[WhiteElo "2456"]
[BlackElo "2667"]

1.e4 c5 2.Nf3 d6 3.d4 Nf6 4.Nc3 cxd4 5.Nxd4 a6 6.Bg5 e6 7.f4 b5 8.e5 dxe5
9.fxe5 Qc7 10.exf6 Qe5+ 11.Be2 Qxg5 12.O-O Ra7 13.Qd3 Rd7 14.Ne4 Qe5 15.Nf3
Qxb2 16.Qe3 Bb7 17.Rab1 Qxa2 18.c4 Bxe4 19.fxg7 Bxg7 20.Qxe4 h6 21.Ne5 Rd2
22.Bh5 Bxe5 23.Bxf7+ Ke7 24.Qxe5 Rxg2+ 25.Kh1 Nd7 26.Qxe6+ Kd8 27.Qd6 Qd2
28.Qxd2 Rxd2 29.cxb5 axb5 30.Rxb5 Rf8 31.Rbf5 Rd6 32.Kg2 Ke7 33.Bb3 Rd2+
34.Kh1 Rxf5 35.Rxf5 Nf6 36.Rf3 Ng4 37.Kg1 Rxh2 {#R} 0-1

[Event "PRO League Group Stage"]
[Site "masterchessopen.com chess.com INT"]
[Date "2017.02.11"]
[Round "5"]
[White "Van Wely,L"]
[Black "Pozo Vera,S"]
[Result "1-0"]
[WhiteElo "2695"]
[BlackElo "2428"]

1.Nf3 d5 2.g3 g6 3.c4 c6 4.Bg2 Bg7 5.d4 Nf6 6.O-O O-O 7.cxd5 cxd5 8.Nc3 Ne4
9.Ne5 Nxc3 10.bxc3 Nc6 11.Nxc6 bxc6 12.e4 dxe4 13.Bxe4 Bh3 14.Re1 e5 15.Ba3
exd4 16.Bxf8 Qxf8 17.cxd4 Rd8 18.Qf3 h5 19.Bxc6 Bxd4 20.Rab1 Bg4 21.Qf4 Be6
22.Rbd1 Qc5 23.Ba4 g5 24.Qd2 Bg4 25.Rc1 Qf5 26.Re8+ Rxe8 27.Bxe8 Bb6 28.Bc6 h4
29.Re1 Ba5 30.Re8+ Kg7 31.Qd4+ f6 32.Qxa7+ {#r} 1-0

[Event "PRO League Group Stage"]
[Site "masterchessopen.com chess.com INT"]
[Date "2017.02.11"]
[Round "5"]
[White "Beerdsen,Thomas"]
[Black "Fishbein,A"]
[Result "0-1"]
[WhiteElo "2413"]
[BlackElo "2481"]

1.e4 c5 2.Nf3 d6 3.d4 cxd4 4.Nxd4 Nf6 5.Nc3 Nc6 6.Nd5 Nxd5 7.exd5 Qa5+ 8.Bd2
Qxd5 9.Nb5 Qe6+ 10.Be2 Qd7 11.c4 e6 12.Bc3 a6 13.Na3 d5 14.cxd5 exd5 15.O-O
Bxa3 16.bxa3 O-O 17.Bf3 Rd8 18.Re1 d4 19.Bxc6 Qxc6 20.Ba5 b6 21.Rc1 Qg6 22.Bb4
Bb7 23.f3 a5 24.Be7 Rdc8 25.Rxc8+ Rxc8 26.Bh4 h6 27.Bg3 d3 28.Re3 Ba6 29.Re4
h5 30.Bf2 Qc6 31.Be3 Qc2 32.Qe1 Qxa2 33.Bd2 Bb5 34.Re5 Bd7 {#R} 0-1

[Event "PRO League Group Stage"]
[Site "masterchessopen.com chess.com INT"]
[Date "2017.02.11"]
[Round "5"]
[White "Beerdsen,Thomas"]
[Black "Benjamin,Joe"]
[Result "1-0"]
[WhiteElo "2413"]
[BlackElo "2544"]

1.e4 e5 2.Nf3 Nc6 3.Bb5 a6 4.Ba4 Nf6 5.d3 d6 6.c3 Bd7 7.Bg5 h6 8.Bh4 Be7
9.Nbd2 O-O 10.Nf1 Nh5 11.Bxe7 Nxe7 12.Bxd7 Qxd7 13.Ne3 Nf4 14.O-O f5 15.Nh4
Qc6 16.f3 Qb6 17.Qd2 Nfd5 18.d4 Nxe3 19.Qxe3 f4 20.Qd3 Qb5 21.Qxb5 axb5 22.g3
g5 23.Ng2 Nc6 24.d5 Na5 25.b3 b6 26.Kf2 Ra7 27.Ke2 Rfa8 28.Rfb1 Nb7 29.Rb2 Nc5
30.Ne1 Kf7 31.Nc2 Kg6 32.Nb4 fxg3 33.hxg3 g4 34.Rh1 Rf8 35.Nc6 Raa8 36.Ne7+
Kg5 37.Nf5 gxf3+ 38.Kxf3 Nxe4 39.Kxe4 Rxf5 40.Rbh2 Raf8 41.Rh5+ Kg4 42.Rxh6
Rg5 43.R6h4+ Kxg3 44.R1h3+ Kf2 45.Rh2+ Rg2 46.Rxg2+ Kxg2 47.Rh7 Rf4+ 48.Ke3
Rf3+ 49.Kd2 Rf2+ 50.Kd3 Rxa2 51.Rxc7 Kf3 52.Rf7+ Kg3 53.Rf6 Rb2 54.Rxd6 Rxb3
55.Rxb6 Kf3 56.Rf6+ Kg4 57.d6 e4+ 58.Kxe4 Rb1 59.Kd5 Kg5 60.Rf3 Rd1+ 61.Kc6
Kg6 62.Kc7 {#r} 1-0

[Event "PRO League Group Stage"]
[Site "masterchessopen.com chess.com INT"]
[Date "2017.02.11"]
[Round "5"]
[White "Hambleton,A"]
[Black "Nordquelle,Daniel"]
[Result "1-0"]
[WhiteElo "2441"]
[BlackElo "2083"]

1.d4 Nf6 2.c4 c5 3.d5 e6 4.Nc3 exd5 5.cxd5 d6 6.e4 g6 7.h3 Bg7 8.Bd3 a6 9.a4
O-O 10.Nf3 Re8 11.O-O c4 12.Bc2 Nbd7 13.Re1 Qc7 14.Bf4 Nh5 15.Be3 Rb8 16.g4
Nhf6 17.Bf4 h5 18.g5 Nh7 19.Kg2 Ne5 20.Nxe5 Bxe5 21.Be3 Qd7 22.Rh1 b5 23.axb5
axb5 24.Ra7 Rb7 25.Nxb5 Rxa7 26.Nxa7 Qb7 27.Ba4 Bd7 28.Bc6 Bxc6 29.dxc6 Qe7
30.h4 Bxb2 31.Qd5 c3 32.Nb5 Nf8 33.Nxd6 Rd8 34.Nf5 Qc7 35.Bb6 Rxd5 36.Bxc7 Rc5
37.Bd6 Rc4 38.Ne7+ Kh7 39.c7 c2 40.c8=Q Rxc8 41.Nxc8 Ne6 42.Nb6 c1=Q 43.Rxc1
Bxc1 44.Nd5 Bb2 45.f4 Kg7 46.Kf3 Nd4+ 47.Ke3 Nc6 48.Bc5 Ba1 49.Ba3 Bd4+ 50.Kf3
Ba1 51.Bc1 Bd4 52.Bd2 Ba1 53.Be3 Bb2 54.Bb6 Ba1 55.Ne3 Nd4+ 56.Kg2 Ne6 57.Nd5
Bb2 58.Ba5 Bd4 59.Kf3 Bb2 60.Bd2 Bd4 61.f5 Nc5 62.Bf4 Nd7 63.Nb4 Ne5+ 64.Bxe5+
Bxe5 65.Nd3 Ba1 66.Kf4 Bc3 67.e5 Kf8 68.Ke4 Ke7 69.Nf4 gxf5+ 70.Kxf5 Be1 71.g6
fxg6+ 72.Nxg6+ Kf7 73.e6+ Kg7 74.Kg5 Bb4 75.Kxh5 Kf6 76.Nf4 Bd2 77.Nd3 Kxe6
78.Kg6 Bc3 79.h5 Ba1 80.Nf4+ Ke7 81.Nh3 Kf8 82.Ng5 Kg8 83.h6 Kf8 84.Ne6+ Kg8
85.h7+ Kh8 86.Ng5 Bf6 87.Nf7# 1-0